00721nam a22001937a 450000500170000000800410001702000150005805000250007310000300009824500870012825000110021526000560022630000280028249000150031050000480032550400400037365000490041365000650046220250516084914.0 t sp ad gr|||| 00| 0 spa|d a847577785604aHF5548.32 bA48 20001 aAlvarez Roldán, Roberto10aeChange b : el lado humano de la economía digital c / Roberto Alvarez Roldán a1a ed. aBarcelona :bGranica :bAndersen Consulting, c2000 a333 p. :bil. ;c22 cm.0 aManagement aEn la pasta :"Las nuevas reglas del cambio" aIncluye bibliografía : p. 327-332 4aProcesamiento de datosxComercio xEmpresas 4aComercio electrónicoxInnovación tecnológicaxNegocios